Možnosti aplikácie metódy R & R v spoločnosti Grupo Antolin, s.r.o. Bratislava
Guardado en:
| Autor principal: | |
|---|---|
| Otros Autores: | |
| Formato: | Manuscrito Libro |
| Lenguaje: | eslovaco |
| Publicado: |
2016
|
| Materias: | |
| Acceso en línea: | http://is.stuba.sk/zp/portal_zp.pl?podrobnosti=106755 |
| Etiquetas: |
Sin Etiquetas, Sea el primero en etiquetar este registro!
|
MARC
| LEADER | 00000ntm a22000003a 4500 | ||
|---|---|---|---|
| 001 | stuzp57662 | ||
| 003 | SK-STU | ||
| 005 | 20160719155326.2 | ||
| 007 | ta | ||
| 008 | 150427s2015----xo-----f-mn---000-0-slo-d | ||
| 040 | |a STU |b slo | ||
| 041 | 0 | |a slo | |
| 100 | 1 | |a Srnová, Lenka |u 064000 |4 aut |U MTF Materiálovotechnologická fakulta |T MTF Ústav priemyselného inžinierstva a manažmentu |X 69924 |U M4000 |Y 84 |7 69924 | |
| 242 | 0 | 1 | |a The possibilities of applying the method R & R in the company Grupo Antolin, s.r.o. Bratislava |y eng |
| 245 | 1 | 0 | |a Možnosti aplikácie metódy R & R v spoločnosti Grupo Antolin, s.r.o. Bratislava |
| 260 | |c 2016 | ||
| 650 | 4 | |a analýza merania |2 slo | |
| 650 | 4 | |a opakovateľnosť |2 slo | |
| 650 | 4 | |a reprodukovateľnosť |2 slo | |
| 650 | 4 | |a spôsobilosť meradiel |2 slo | |
| 650 | 4 | |a capability of measuring instruments |2 eng | |
| 650 | 4 | |a measurement analysis |2 eng | |
| 650 | 4 | |a repeatability |2 eng | |
| 650 | 4 | |a reproducibility |2 eng | |
| 700 | 1 | |a Linczényi, Alexander |4 ths |X 3055 |7 A000003055 | |
| 856 | 4 | |u http://is.stuba.sk/zp/portal_zp.pl?podrobnosti=106755 | |
| 996 | |c M* BP-7750 |l MMSKP |s P |a 0 |w stuzp57662_0001 | ||
| SQL | |a stuzp57662 |b DBP |c SLO |d Možnosti aplikácie metódy R & R v spoločnosti Grupo Antolin, s.r.o. Bratislava |e 69924 |f Srnová, Lenka |g 064000 |h 3055 |i Linczényi, Alexander |j 20160628 |k 171 |l 06 |m http://is.stuba.sk/zp/portal_zp.pl?podrobnosti=106755 |n B-KPR |o 5.2.57. kvalita produkcie | ||